000 nam a22 7a 4500
999 _c128145
_d128145
008 180912b xxu||||| |||| 00| 0 eng d
020 _a9780195165968
050 _aLB1050.455.A43 2004
100 _aAllen,Janet
_942127
245 _aReading history:
_bApractical guide to improving literacy
_c/by Janet Allen with Christine Landaker.
260 _aOxford:
_bUniversity press,
_c2004
300 _axv,160p.;
_c24cm.
650 _aContent area reading
_942128
650 _aSocial sciences
_xStudy and teaching (middle school)
_942129
700 _aLandaker, Christine
_942130
942 _2lcc
_cMONOGRAPH